Clubs avec plus de 60 saisons en L1 - Mort Subite - Statistiques

Statistiques générales
  • Ce quiz a été pris 794 fois
    346 depuis la dernière actualisation
  • Le résultat moyen est 3 sur 12
Answers on the Grid
Answers color-coded by a green-red scale on the quiz's grid according to % correct below.
Toulouse FC
Stade Rennais
Stade de Reims
SC Bastia
RC Strasbourg
RC Lens
PSG
OM
OL
OGC Nice
Nîmes Olympique
Montpellier HSC
LOSC
Le Havre Foot
Girondins Bordeaux
FC Sochaux
FC Nantes
FC Metz
CS Sedan Ardennes
ASSE
AS Nancy Lorraine
AS Monaco
AJ Auxerre
AJ Ajaccio
 
Statistiques - réponses
Réponse % Correct
OM
59%
OL
49%
ASSE
37%
Girondins Bordeaux
36%
LOSC
28%
AS Monaco
22%
FC Sochaux
17%
OGC Nice
13%
Stade Rennais
10%
FC Metz
7%
RC Lens
7%
RC Strasbourg
4%
Aucun quiz correspondant
Distribution des résultats
% des personnes avec chaque résultat
Percentile par nombre de réponses
Votre historique - résultats
Vous n’avez pas pris ce quiz depuis la dernière actualisation